LEADER 01194cam0-22004091i-450 001 990007873230403321 005 20191029085815.0 010 $a88-86412-87-8 035 $a000787323 035 $aFED01000787323 035 $a(Aleph)000787323FED01 035 $a000787323 100 $a20040423d2002----km-y0itay50------ba 101 1 $aita$ceng 102 $aIT 105 $aa---j---001yy 200 1 $aMalattia, uomo, ambiente$ela storia e il futuro$fTony McMichael$gtraduzione italiana di Paolo Moggi 205 $aed. italiana$fa cura di Marco Moro 210 $aMilano$cAmbiente$d[2002] 215 $a433 p.$cill.$d23 cm 225 1 $aSaggistica ambientale$v22 454 0$12001$aHuman frontiers, environments and disease$917685 610 0 $aAmbiente 610 0 $aIgiene 676 $a363.73 676 $a613.1$v19 700 1$aMcmichael,$bTony$0280229 702 1$aMoro,$bMarco 801 0$aIT$bUNINA$gRICA$2UNIMARC 901 $aBK 912 $a990007873230403321 952 $a60 363.73 MCMT 2002$b9322$fFAGBC 952 $aL 485$bs.i.$fDSS 959 $aFAGBC 959 $aDSS 996 $aHuman frontiers, environments and disease$917685 997 $aUNINA LEADER 04392nam 2200757 450 001 9910792966403321 005 20170624085929.0 010 $a1-78920-528-X 024 7 $a10.1515/9781785334177 035 $a(CKB)3710000001386856 035 $a(MiAaPQ)EBC4873538 035 $a(DE-B1597)636417 035 $a(DE-B1597)9781785334177 035 $a(EXLCZ)993710000001386856 100 $a20170713h20172017 uy 0 101 0 $aeng 135 $aurcnu|||||||| 181 $2rdacontent 182 $2rdamedia 183 $2rdacarrier 200 00$aTheoretical scholarship and applied practice /$fedited by Sarah Pink, Vaike Fors, and Tom O'Dell 210 1$aNew York ;$aOxford, [England] :$cBerghahn Books,$d2017. 210 4$dİ2017 215 $a1 online resource (246 pages) $cillustrations 225 1 $aStudies in Public and Applied Anthropology ;$vVolume 11 311 $a1-78533-416-6 311 $a1-78533-417-4 320 $aIncludes bibliographical references at the end of each chapters and index. 327 $tFrontmatter -- $tCONTENTS -- $tList of Illustrations -- $tAcknowledgements -- $tPart I. Theoretical Scholarship and Applied Practice: Opportunities, Ethics and Enta nglements -- $tIntroduction: Theoretical Scholarship and Applied Practice: Opportunities and Challenges of Working in the In-between -- $tChapter 1: Ethics in an Uncertain World: Between Theory and Practice -- $tPart II. Ma king Contact and Making Sense -- $tChapter 2: Workshops as Nodes of Knowledge Co-production: Beyond Ideas of Automagical Synergies -- $tChapter 3: The Conversation Analytic Role-play Method: Simulation, Endogenous Impact and Interactional Nudges -- $tChapter 4: Making Theory, Making Interventions: Doing Applied Scholarship at the In-between in Safety Research -- $tPart III. Working in Interdisciplinary Teams -- $tChapter 5: From Emplaced Knowing to Interdisciplinary Knowledge: Sensory Ethnography in Energy Research -- $tChapter 6: Working Across Disciplines: Using Visual Methods in Participatory Frameworks -- $tPart IV. Letting Go and Moving Forwa rd -- $tChapter 7: How to Gain Traction? From Theoretical Scholarship to Applied Outcomes in Energy Demand and Housing Research -- $tChapter 8: The Social Life of HOMAGO -- $tChapter 9: Entanglements: Issues in Applied Research and Theoretical Scholarship -- $tPart V. Afterword -- $tChapter 10: Afterword: The Deep Dynamics of the In-between -- $tIndex 330 $aAcademics across the globe are being urged by universities and research councils to do research that impacts the world beyond academia. Yet to date there has been very little reflection amongst scholars and practitioners in these fields concerning the relationship between the theoretical and engaged practices that emerge through such forms of scholarship. Theoretical Scholarship and Applied Practice investigates the ways in which theoretical research has been incorporated into recent applied practices across the social sciences and humanities. This collection advances our understanding of the ethics, values, opportunities and challenges that emerge in the making of engaged and interdisciplinary scholarship. 410 0$aStudies in public and applied anthropology ;$vVolume 11. 606 $aApplied anthropology 606 $aPublic anthropology 610 $aacademia. 610 $aanthropology. 610 $aapplied practice. 610 $aapplied theoretical research. 610 $aapplied theory. 610 $abehaviour change. 610 $aculture shaping society. 610 $aethical practices. 610 $ahumanities. 610 $ainterdisciplinary scholarship. 610 $ameta analysis. 610 $apractical anthropology. 610 $apractitioners. 610 $ascholars. 610 $asocial science. 610 $asocial sciences. 610 $atheoretical research. 610 $atheoretical scholarship. 610 $atheory vs practice. 610 $atheory. 615 0$aApplied anthropology. 615 0$aPublic anthropology. 676 $a301 702 $aPink$b Sarah 702 $aFors$b Vaike 702 $aO'Dell$b Tom 801 0$bMiAaPQ 801 1$bMiAaPQ 801 2$bMiAaPQ 906 $aBOOK 912 $a9910792966403321 996 $aTheoretical scholarship and applied practice$93848456 997 $aUNINA LEADER 02753nam 22005052 450 001 9910955329703321 005 20251019235410.0 010 $a9789004473324 010 $a9004473327 024 7 $a10.1163/9789004473324 035 $a(MiAaPQ)EBC6808322 035 $a(Au-PeEL)EBL6808322 035 $a(CKB)19919738800041 035 $a(nllekb)BRILL9789004473324 035 $a(PPN)263636704 035 $a(EXLCZ)9919919738800041 100 $a20200716d2022 uy 0 101 0 $aeng 135 $aurcnu|||||||| 181 $ctxt$2rdacontent 182 $cc$2rdamedia 183 $acr$2rdacarrier 200 00$aDeterminers and Quantifiers $eFunctions, Variation, and Change /$fedited by Chiara Gianollo, Klaus von Heusinger, Maria Napoli 210 1$aLeiden; $aBoston :$cBRILL,$d2022. 215 $a1 online resource (333 pages) 225 1 $aSyntax and Semantics ;$v44 311 08$a9789004473317 311 08$a9004473319 320 $aIncludes bibliographical references and index. 327 $aReference and quantification in nominal phrases: the current landscape and the way ahead / Chiara Gianollo, Klaus von Heusinger and Maria Napoli -- Definite plural generics in English: evidence from de-adjectival nominalization / Artemis Alexiadou -- Quantification and classification in romance plural indefinites: from number to seinsart? / Mario Squartini -- Topics and the interpretation of referential null subjects / Manuel Leonetti -- Specificity and questions of specification / Edgar Onea -- Being bare: a survey of quantifier positions / Cecilia Poletto -- Indefinites as fossils: the case of wh-based free choice / Maria Aloni -- The evaluative meaning of the indefinite qualunque in (old) Italian / Olga Kellert -- Bare and indefinite nominal predicates in the history of German / Svetlana Petrova. 330 $aThis volume explores the interface between morphosyntax and semantics-pragmatics in the domain of referential and quantificational nominal expressions. We present case studies from Romance and Germanic languages, dealing with both synchronic and diachronic aspects. Our aim is to empirically test, on the basis of comparative data, the most recent theoretical developments in the analysis of reference and quantification and to identify focal points for future research. 410 0$aSyntax and Semantics ;$v44. 517 3 $aFunctions, Variation, and Change 606 $aSemantics 615 0$aSemantics. 676 $a415 702 $aNapoli$b Maria 702 $aGianollo$b Chiara 702 $aHeusinger$b Klaus von 801 0$bNL-LeKB 801 1$bNL-LeKB 906 $aBOOK 912 $a9910955329703321 996 $aDeterminers and quantifiers$93948435 997 $aUNINA